000 00979nam a2200229 a 4500
001 55696
003 BD-RjUL
005 20211209080313.0
008 161121s1988 bg ||||| |||| 00| 0 ben d
020 _c: TK 70.00
035 _a(BD-RjUL)55820
040 _aBD-RjUL
_bben
_cBD-RjUL
041 _aben
082 _223
_a954.924
_bRAN 1988
100 _aরহমান, মোঃ মকসুদুর
_9165883
245 1 0 _aনাটোরের মহারাণী ভবানী :
_b(ঐতিহাসিক পর্যালোচনা) /
_cমোঃ মকসুদুর রহমান
260 _aঢাকা :
_bহোসনে আরা রহমান,
_c১৯৮৮
300 _a[১৪], ১৮৬, ২০, [১] পৃ . ;
_c২১ সেমি.
_bচিত্র
651 _aবাংলাদেশ
_zনাটোর জেলা
_xইতিহাস
_9117733
651 _aBangladesh
_zNatore District
_xHistory
_9117734
942 _2ddc
_cBK
999 _c55696
_d55696